000 00432cam a2200181 4500
001 D13598
008 090401t1954 xxu||||| |||| 00| 0 eng d
035 _a(Sirsi) u10671
041 _aeng
100 _aPendlebury, C.L.
245 _aPendlebury`s pocket dictionary and useful tables
260 _bEstates Gazette
_c1954
350 _a0
520 _aShelf 133
700 _aInsley, V.B.
942 _n0
948 _c04/03/1997
999 _c86765
_d86765